| 000 | 01910nam2a2200277 4500 | ||
|---|---|---|---|
| 001 | RU\NLR\BIBL_A\022737682 | ||
| 005 | 20260311164533.0 | ||
| 010 |
_a978-5-6052952--0 _9500 |
||
| 021 |
_aRU _bКН-П-25-081596 _9КН-П-25-7902 |
||
| 035 | _a(NLR Aleph) 022737682 | ||
| 090 |
_a13633121 _c13633121 |
||
| 100 | _a20260226d2025 k y0rusy50 ca | ||
| 101 | 0 | _arus | |
| 102 | _aRU | ||
| 105 | _aach|z|||010zd | ||
| 200 | 1 |
_a"Малые" Общины сестер милосердия губернских и уездных городов России _fП. Е. Крайнюков, В. Г. Абашин, В. Б. Симоненко, П. А. Дулин |
|
| 210 | _d2025 | ||
| 215 |
_a191 с. _cил., цв. ил., портр. |
||
| 300 | _aНа 5-й с. авт.: Абашин В. Г., Дулин П. А. - д-ра мед. наук, профессора, Засл. врачи Рос. Федерации, Крайнюков П. Е. - д-р мед. наук, д-р воен. наук, проф., Симоненко В. Б. - д-р мед. наук, проф., чл.-кор. РАН, Засл. врач Рос. Федерации | ||
| 320 | _aБиблиогр.: с. 188-191 и в подстроч. примеч. | ||
| 461 | 0 |
_1001RU\NLR\BIBL_A\012234046 _12001#$aРоссийские Общины сестер милосердия в событиях Первой мировой войны$fВ.Г. Абашин, П.Е. Крайнюков, В.Б. Симоненко, Н.О. Травин$vКн. 7 _911000540 _cМосква _d2018 _fВ.Г. Абашин, П.Е. Крайнюков, В.Б. Симоненко, Н.О. Травин _nЭко-Пресс _tРоссийские Общины сестер милосердия в событиях Первой мировой войны _vКн. 7 |
|
| 701 | 1 |
_aДулин _bП. А. _gПетр Алексеевич |
|
| 942 | _cBOOK | ||
| 980 | _aNB | ||